000 00366nam a2200145Ia 4500
008 230917s9999||||xx |||||||||||||| ||und||
040 _e63179
_aMAIN
041 _aEnglish
082 _a382.10016 B791I
100 _aBrooke, Michael Z
245 0 _aInternational business bibliography
260 _aLondon
_bMacmillan
_c1977
300 _axv, 480 p.
942 _cBK
999 _c157261
_d157261